Unfit for human consumption / (Record no. 135353)

MARC details
000 -LEADER
fixed length control field 00680nam a22002297a 4500
005 - DATE AND TIME OF LATEST TRANSACTION
control field 20170124110243.0
010 ## - LIBRARY OF CONGRESS CONTROL NUMBER
LC control number 628446
020 ## - INTERNATIONAL STANDARD BOOK NUMBER
Terms of availability 00.00
International Standard Book Number 0139369066
035 ## - SYSTEM CONTROL NUMBER
System control number 628446
037 ## - SOURCE OF ACQUISITION
Source of stock number/acquisition Cen Lib/Ret
040 ## - CATALOGING SOURCE
Original cataloging agency DPL
Language of cataloging EN
082 ## - DEWEY DECIMAL CLASSIFICATION NUMBER
Classification number 614.3
Item number HAR
100 ## - MAIN ENTRY--PERSONAL NAME
Personal name Harmer, Ruth Mulvey
9 (RLIN) 96402
245 ## - TITLE STATEMENT
Title Unfit for human consumption /
Statement of responsibility, etc by Ruth Mulvey Harmer
246 ## - VARYING FORM OF TITLE
Remainder of title
260 ## - PUBLICATION, DISTRIBUTION, ETC. (IMPRINT)
Place of publication, distribution, etc London
Name of publisher, distributor, etc Prentice-Hall
Date of publication, distribution, etc 1971
300 ## - PHYSICAL DESCRIPTION
Extent viii,374p.
Dimensions 21cm(Hb)
500 ## - GENERAL NOTE
General note Includes bibliographic references and index
650 ## - SUBJECT ADDED ENTRY--TOPICAL TERM
Topical term or geographic name as entry element Pesticides--Environmental aspects
9 (RLIN) 96403
650 ## - SUBJECT ADDED ENTRY--TOPICAL TERM
Topical term or geographic name as entry element Pesticides--Toxicology
9 (RLIN) 96404
942 ## - ADDED ENTRY ELEMENTS (KOHA)
Source of classification or shelving scheme Dewey Decimal Classification
Koha item type English Books
Classification part 614.3
Call number suffix HAR
Holdings
Withdrawn status Lost status Damaged status Not for loan Home library Current library Date acquired Total Checkouts Full call number Barcode Date last seen Copy number Price effective from Koha item type Public note
Written off       Central Library Central Library 05/10/2015   614.3 HAR 628446 05/10/2015 1 05/10/2015 English Books W/d List No. 6873/4 ; dtd 20/08/2020

© Delhi Public Library
Hit Counter
free hit counter